000 00684nas a2200241 4500
001 BR2013003889
003 BR-BrBNA
005 20231205122338.0
007 ta
008 230509b bl.|||p| |||| 00| 00por d
040 _aBR-BrBNA
_bpor
_cBiblioteca Nacional de Agricultura
041 _a(Pt)
072 _aF01
100 1 _aSerciloto, C.M.
245 1 _aIncrementando a produtividade e a qualidade do alho
650 _aALHO
650 _aPRODUTIVIDADE
650 _aBULBILHO
650 _aHORMÔNIO VEGETAL
773 0 _tNosso Alho (Brazil)
_xISSN 2177-2959
_g(Sep 2009), (no. 4) p. 28
_wBR2013003889
909 _a202311
_bLúcia
_c55
_dLúcia Elande
942 _2AGRIS
_n0
_cANA
999 _c228179
_d228179